| 000 | 00979pam a2200289 a 4500 | ||
|---|---|---|---|
| 999 |
_c3308 _d3308 |
||
| 001 | 580738 | ||
| 003 | OSt | ||
| 005 | 20191118142730.0 | ||
| 008 | 901116s1991 dcua b i000 0 eng | ||
| 010 | _a 90025058 | ||
| 020 | _a0821317512 | ||
| 040 |
_aDLC _cDLC _dDLC |
||
| 043 | _ad------ | ||
| 050 | 0 | 0 |
_aHC59.72.E44 _bW37 1991 |
| 082 | 0 | 0 |
_a338.9 _220 _bWAR 1991 |
| 100 | 1 |
_aWard, William A.; Deren, Barry J., _d1942- _97416 |
|
| 245 | 1 | 4 |
_aThe Economics of Project Analysis: _ba practitioner's guide |
| 260 |
_aWashington; _bWorld Bank, _c1991. |
||
| 300 |
_axi, 318 p. : _bill. ; _c28 cm. |
||
| 440 | 0 |
_aEDI technical materials _97417 |
|
| 504 | _aIncludes bibliographical references (p. 296-318). | ||
| 650 |
_aProject management _95305 |
||
| 650 |
_aEconomic analysis _913057 |
||
| 906 |
_a7 _bcbc _corignew _d1 _eocip _f19 _gy-gencatlg |
||
| 942 |
_2ddc _cSLOAN |
||